Statistics for Complete the Movie Title (1999)

Click here to take the quiz!

General Stats

  • This quiz has been taken 64 times
  • The average score is 19 of 25

Answer Stats

HintAnswer% Correct
_____ ClubFight
95%
The Blair Witch _____Project
95%
The Sixth _____Sense
95%
Inspector _____Gadget
93%
The Thin Red _____Line
93%
Star Wars: Episode I - The Phantom _____Menace
88%
Sleepy _____Hollow
86%
You’ve Got _____Mail
86%
Austin Powers: The _____ Who Shagged MeSpy
84%
The _____ CollectorBone
82%
Runaway _____Bride
82%
The _____ of EgyptPrince
81%
The _____ Is not EnoughWorld
81%
Big _____Daddy
74%
The _____’s DaughterGeneral
68%
An Ideal _____Husband
65%
The _____Mummy
63%
October _____Sky
63%
The Iron _____Giant
61%
The 13th _____Warrior
61%
Bicentennial _____Man
60%
Random _____Hearts
56%
My Favorite _____Martian
51%
The _____: Carrie 2Rage
51%
The Other _____Sister
42%

Score Distribution

Percentile by Number Answered

Percent of People with Each Score

Your Score History

You have not taken this quiz